|
|
|
|
| LEADER |
00000nam#a2200000#a#4500 |
| 001 |
009849 |
| 005 |
20160721145255.0 |
| 008 |
030925s2001####ag##################spa#d |
| 020 |
|
|
|a 9879882407
|
| 040 |
|
|
|a AR-beUNQ
|
| 099 |
|
|
|a 10-G41
|
| 100 |
1 |
|
|a Gallart, María Antonia
|
| 245 |
0 |
0 |
|a La escuela como objeto de investigación
|c María Antonia Gallart.
|
| 260 |
|
|
|a Buenos Aires :
|b Universidad de San Andrés,
|c 2001
|
| 300 |
|
|
|a 8 p
|
| 490 |
0 |
|
|a Documento de trabajo. Escuela de Educación ;
|v v. 3
|
| 650 |
|
7 |
|a SISTEMAS EDUCATIVOS
|2 Spines
|
| 650 |
|
7 |
|a ACCESO A LA EDUCACION
|2 Spines
|
| 650 |
|
7 |
|a POLITICA EDUCATIVA
|2 Spines
|
| 651 |
|
7 |
|a ARGENTINA
|2 Spines
|
| 929 |
|
|
|a COMPRA
|b Universidad de San Andrés
|d 4,00E
|e 20030925
|f patrimonio
|j 34912
|
| 942 |
|
|
|c LIB
|n 0
|
| 999 |
|
|
|c 12276
|d 87663
|